[Event "Sao Paulo STD Gansl op"]
[Site "Sao Paulo"]
[Date "2019.05.24"]
[Round "2"]
[White "Sato, Luiz Henrique Yuzo"]
[Black "Fontella, Amanda Karsburg"]
[Result "0-1"]
[WhiteElo "1403"]
[BlackElo "1723"]
[PlyCount "35"]
[EventDate "2019.05.24"]
[EventType "swiss"]
[EventRounds "6"]
[EventCountry "BRA"]
[SourceTitle "CBM 190 Extra"]
[Source "ChessBase"]
[SourceDate "2019.07.15"]
[SourceVersion "1"]
[SourceVersionDate "2019.07.15"]
[SourceQuality "1"]

1. d4 d5 2. Nf3 Nf6 3. Bf4 c5 4. e3 Qb6 5. b3 Nc6 6. Bd3 Bg4 7. Nbd2 cxd4 8. exd4 Nxd4 9. Be3 Nxf3+ 10. gxf3 d4 11. Nc4 Qe6 12. fxg4 dxe3 13. Nxe3 g6 14. Bb5+ Nd7 15. Bxd7+ Qxd7 16. Qxd7+ Kxd7 17. 0-0-0+ Ke8 18. Nd5 0-1

[Event "Paulista-ch"]
[Site "Sao Paulo"]
[Date "2018.11.10"]
[Round "3"]
[White "Fontella, Amanda Karsburg"]
[Black "Dos Santos, Lucas Aparecido"]
[Result "0-1"]
[WhiteElo "1738"]
[BlackElo "1971"]
[PlyCount "34"]
[EventDate "2018.11.09"]
[EventType "swiss"]
[EventRounds "6"]
[EventCountry "BRA"]
[SourceTitle "CBM 187 Extra"]
[Source "ChessBase"]
[SourceDate "2018.11.04"]
[SourceVersion "1"]
[SourceVersionDate "2018.11.04"]
[SourceQuality "1"]

1. e4 c5 2. Nf3 e6 3. d4 cxd4 4. Nxd4 a6 5. Nc3 Qc7 6. Bd3 Nf6 7. 0-0 b5 8. a3 Be7 9. Bg5 0-0 10. Re1 d6 11. Nb3 Nbd7 12. f4 Bb7 13. Kh1 h6 14. Bh4 Nxe4 15. Nxe4 Bxh4 16. Re3 d5 17. Nec5 Nxc5 0-1

[Event "Sao Paulo op-B U2050 7th"]
[Site "Sao Paulo"]
[Date "2018.03.31"]
[Round "3"]
[White "Fontella, Amanda Karsburg"]
[Black "Passos Coutinho, Eduardo"]
[Result "1/2-1/2"]
[WhiteElo "1748"]
[BlackElo "1678"]
[PlyCount "91"]
[EventDate "2018.03.30"]
[EventType "swiss"]
[EventRounds "6"]
[EventCountry "BRA"]
[SourceTitle "EXT 2021"]
[Source "ChessBase"]
[SourceDate "2020.10.23"]
[SourceVersion "1"]
[SourceVersionDate "2020.10.23"]
[SourceQuality "1"]

1. e4 c5 2. Nf3 e6 3. d4 cxd4 4. Nxd4 a6 5. Nc3 Qc7 6. Be2 Nf6 7. 0-0 b5 8. Kh1 b4 9. Na4 Nxe4 10. Bf3 Bb7 11. Be3 d5 12. Rc1 Nd7 13. c3 bxc3 14. Nxc3 Nxc3 15. Rxc3 Qd6 16. Nb3 Rc8 17. Rxc8+ Bxc8 18. Qc2 Qb8 19. Rc1 Bb7 20. Qc7 Qxc7 21. Rxc7 d4 22. Bxb7 dxe3 23. Rc8+ Ke7 24. fxe3 g6 25. Rc7 Kd8 26. Rc8+ Ke7 27. Bxa6 Bg7 28. Rxh8 Bxh8 29. Nd4 Kd6 30. b4 Nb6 31. Kg1 Kd5 32. Nc2 Be5 33. g3 g5 34. Kf2 h5 35. Bd3 h4 36. e4+ Kd6 37. Ne3 hxg3+ 38. hxg3 Bd4 39. Ke2 Bc3 40. Nc2 Ke5 41. Ke3 f6 42. b5 f5 43. a3 f4+ 44. gxf4+ gxf4+ 45. Kf3 Bd2 46. Nb4 1/2-1/2

[Event "Itajai JASC (Women) 54th"]
[Site "Itajai"]
[Date "2014.11.18"]
[Round "3"]
[White "Costa, Ane Caroline"]
[Black "Fontella, Amanda Karsburg"]
[Result "1-0"]
[WhiteElo "1707"]
[BlackElo "1748"]
[PlyCount "73"]
[EventDate "2014.11.16"]
[EventType "team-swiss"]
[EventRounds "7"]
[EventCountry "BRA"]
[SourceTitle "EXT 2019"]
[Source "ChessBase"]
[SourceDate "2018.10.10"]
[SourceVersion "1"]
[SourceVersionDate "2018.10.10"]
[SourceQuality "1"]
[WhiteTeam "Navegantes (W)"]
[BlackTeam "Jaragua do Sul (W)"]
[WhiteTeamCountry "BRA"]
[BlackTeamCountry "BRA"]

1. d4 Nf6 2. Nf3 d5 3. g3 c5 4. Bg2 Bf5 5. 0-0 e6 6. Nbd2 Nc6 7. dxc5 Bxc5 8. c4 0-0 9. cxd5 Qxd5 10. Nh4 Qd7 11. Nxf5 exf5 12. Nb3 Bb6 13. Bf4 Qe6 14. e3 Rfd8 15. Qe2 h6 16. h4 Ne4 17. Bxe4 fxe4 18. Nd2 Rd3 19. Rfd1 Rad8 20. Nb3 Qd5 21. Rdc1 g5 22. hxg5 hxg5 23. Qg4 f6 24. Kg2 Kf8 25. Rh1 gxf4 26. Qxf4 Qe5 27. Qh6+ Ke7 28. Qg7+ Kd6 29. Rh6 Ne7 30. Rxf6+ Kc7 31. Rc6+ bxc6 32. Qxe5+ Kd7 33. Nc5+ Bxc5 34. Qxc5 Rd2 35. Qxa7+ Ke8 36. Rh1 R2d7 37. Qa4 1-0

[Event "Itajai JASC (Women) 54th"]
[Site "Itajai"]
[Date "2014.11.17"]
[Round "2"]
[White "Medeiros, Thauane Ferreira"]
[Black "Fontella, Amanda Karsburg"]
[Result "1-0"]
[WhiteElo "1871"]
[BlackElo "1748"]
[PlyCount "41"]
[EventDate "2014.11.16"]
[EventType "team-swiss"]
[EventRounds "7"]
[EventCountry "BRA"]
[SourceTitle "EXT 2019"]
[Source "ChessBase"]
[SourceDate "2018.10.10"]
[SourceVersion "1"]
[SourceVersionDate "2018.10.10"]
[SourceQuality "1"]
[WhiteTeam "Itajai (W)"]
[BlackTeam "Jaragua do Sul (W)"]
[WhiteTeamCountry "BRA"]
[BlackTeamCountry "BRA"]

1. d4 Nf6 2. Bg5 Ne4 3. Bf4 d5 4. f3 Nd6 5. Nc3 e6 6. e4 dxe4 7. fxe4 Nd7 8. Nf3 b6 9. Bb5 a6 10. Bc6 Rb8 11. Qe2 b5 12. d5 exd5 13. Nxd5 Bb7 14. Bxb7 Rxb7 15. e5 Nc4 16. e6 fxe6 17. Qxe6+ Be7 18. Bg5 Nf6 19. 0-0-0 Nxd5 20. Rxd5 Nd6 21. Ne5 1-0

[Event "Porto Alegre Oncolinos op"]
[Site "Porto Alegre"]
[Date "2013.11.14"]
[Round "1"]
[White "Menna Barreto, Felipe Kubiaki"]
[Black "Fontella, Amanda Karsburg"]
[Result "1-0"]
[WhiteElo "2270"]
[BlackElo "1743"]
[PlyCount "63"]
[EventDate "2013.11.14"]
[EventType "swiss"]
[EventRounds "7"]
[EventCountry "BRA"]
[SourceTitle "EXT 2015"]
[Source "ChessBase"]
[SourceDate "2014.11.20"]
[SourceVersion "1"]
[SourceVersionDate "2014.11.20"]
[SourceQuality "1"]

1. e4 c5 2. Nf3 e6 3. d4 cxd4 4. Nxd4 Nc6 5. Nb5 d6 6. Bf4 e5 7. Be3 a6 8. N5c3 Nf6 9. Nd5 Nxd5 10. exd5 Ne7 11. c4 Nf5 12. Bc1 Be7 13. Bd3 0-0 14. 0-0 Nh4 15. Nc3 f5 16. f4 Bd7 17. g3 Ng6 18. Be3 Rc8 19. Qb3 b5 20. cxb5 axb5 21. Bxb5 Bxb5 22. Nxb5 Kh8 23. Rac1 Qa5 24. Rxc8 Rxc8 25. Na7 Ra8 26. Nc6 Qxa2 27. Qxa2 Rxa2 28. fxe5 dxe5 29. Nxe7 Nxe7 30. d6 Nc6 31. Rc1 Ra6 32. d7 1-0

[Event "Petropolis op 3rd"]
[Site "Petropolis"]
[Date "2013.02.23"]
[Round "4"]
[White "Silva, Jurandir Chuchene"]
[Black "Fontella, Amanda Karsburg"]
[Result "1/2-1/2"]
[WhiteElo "1895"]
[BlackElo "1729"]
[PlyCount "64"]
[EventDate "2013.02.22"]
[EventType "swiss"]
[EventRounds "6"]
[EventCountry "BRA"]
[SourceTitle "CBM 153 Extra"]
[Source "ChessBase"]
[SourceDate "2013.04.22"]
[SourceVersion "1"]
[SourceVersionDate "2013.04.22"]
[SourceQuality "1"]

1. d4 Nf6 2. Nf3 d5 3. c4 c6 4. Nc3 e6 5. Bg5 Nbd7 6. e3 Bd6 7. Bd3 0-0 8. 0-0 h6 9. Bh4 e5 10. dxe5 Nxe5 11. Nxe5 Bxe5 12. cxd5 cxd5 13. Be2 d4 14. exd4 Qxd4 15. Qxd4 Bxd4 16. Rad1 Bxc3 17. bxc3 Ne4 18. Rc1 Be6 19. f3 Nc5 20. Bf2 Rac8 21. Rc2 Rfd8 22. Rd1 Rxd1+ 23. Bxd1 b6 24. Rd2 Nd7 25. Bd4 Nb8 26. Bb3 Bf5 27. Kf2 Nc6 28. g4 Bg6 29. f4 Na5 30. f5 Nxb3 31. axb3 Bh7 32. Ra2 a5 1/2-1/2

[Event "BRA Schools Olympid"]
[Site "Cuiaba"]
[Date "2012.12.01"]
[Round "3"]
[White "Fontella, Amanda Karsburg"]
[Black "Magalhaes, Stefany Rodrigues"]
[Result "1-0"]
[WhiteElo "1729"]
[BlackElo "1752"]
[PlyCount "65"]
[EventDate "2012.11.30"]
[EventType "swiss"]
[EventRounds "5"]
[EventCountry "BRA"]
[SourceTitle "EXT 2022"]
[Source "ChessBase"]
[SourceDate "2021.10.06"]
[SourceVersion "1"]
[SourceVersionDate "2021.10.06"]
[SourceQuality "1"]

1. e4 d6 2. d4 Nf6 3. Nc3 g6 4. f4 Bg7 5. Nf3 Nbd7 6. Bc4 0-0 7. 0-0 e6 8. Qe1 Re8 9. e5 Ng4 10. Qg3 h5 11. h3 Nh6 12. Nh4 d5 13. Bd3 c5 14. Nb5 cxd4 15. Nd6 Rf8 16. Nxg6 Nc5 17. Nxf8 Nxd3 18. cxd3 Qxf8 19. f5 Kh8 20. f6 Nf5 21. fxg7+ Qxg7 22. Qxg7+ Kxg7 23. g4 Nxd6 24. exd6 hxg4 25. hxg4 e5 26. g5 Be6 27. Bd2 Rf8 28. Bb4 Kg6 29. Rac1 b6 30. Rc7 a6 31. Re7 Rd8 32. Rc1 Kxg5 33. Kf2 1-0

[Event "Catarinense-ch (Women)"]
[Site "Florianopolis"]
[Date "2012.02.03"]
[Round "2"]
[White "Fontella, Amanda Karsburg"]
[Black "Kanzler, Karina Daniela"]
[Result "0-1"]
[WhiteElo "1775"]
[BlackElo "1966"]
[PlyCount "47"]
[EventDate "2012.02.02"]
[EventType "swiss"]
[EventRounds "6"]
[EventCountry "BRA"]
[SourceTitle "CBM 147 Extra"]
[Source "ChessBase"]
[SourceDate "2012.04.24"]
[SourceVersion "1"]
[SourceVersionDate "2012.04.24"]
[SourceQuality "1"]

1. e4 c6 2. d4 d5 3. exd5 cxd5 4. c4 Nf6 5. Nc3 Nc6 6. Be2 dxc4 7. Be3 e6 8. Bxc4 Bb4 9. Nf3 Nd5 10. Qd3 Nxe3 11. Qxe3 0-0 12. 0-0 Bxc3 13. Qxc3 Ne7 14. Rad1 Nd5 15. Qd2 h6 16. h4 b6 17. h5 Bb7 18. g4 Qf6 19. Ne5 Nf4 20. f3 Rfd8 21. Qe3 Qg5 22. Kf2 Qh4+ 23. Kg1 Qg3+ 24. Kh1 0-1

[Event "Petropolis op"]
[Site "Petropolis"]
[Date "2012.01.27"]
[Round "2"]
[White "Menna Barreto, Felipe Kubiaki"]
[Black "Fontella, Amanda Karsburg"]
[Result "1-0"]
[WhiteElo "2238"]
[BlackElo "1755"]
[PlyCount "25"]
[EventDate "2012.01.27"]
[EventType "swiss"]
[EventRounds "6"]
[EventCountry "BRA"]
[SourceTitle "CBM 146 Extra"]
[Source "ChessBase"]
[SourceDate "2012.02.29"]
[SourceVersion "1"]
[SourceVersionDate "2012.02.29"]
[SourceQuality "1"]

1. e4 c5 2. Nf3 e6 3. c3 Nf6 4. Bd3 d5 5. e5 Nfd7 6. Bc2 Nc6 7. d4 cxd4 8. cxd4 Bb4+ 9. Nc3 0-0 10. a3 Be7 11. h4 f6 12. Bxh7+ Kxh7 13. Ng5+ 1-0

[Event "BRA-ch sf"]
[Site "Brasilia"]
[Date "2011.11.02"]
[Round "7"]
[White "Fontella, Amanda Karsburg"]
[Black "Dibai, Jerry"]
[Result "1/2-1/2"]
[WhiteElo "1755"]
[BlackElo "1787"]
[PlyCount "60"]
[EventDate "2011.10.29"]
[EventType "swiss"]
[EventRounds "8"]
[EventCountry "BRA"]
[SourceTitle "EXT 2012"]
[Source "ChessBase"]
[SourceDate "2011.11.24"]
[SourceVersion "1"]
[SourceVersionDate "2011.11.24"]
[SourceQuality "1"]

1. e4 c5 2. Nf3 g6 3. d4 cxd4 4. Nxd4 Bg7 5. Be3 Nc6 6. Nc3 Nf6 7. Nxc6 bxc6 8. e5 Ng8 9. f4 Nh6 10. g4 d6 11. Bg2 0-0 12. g5 Nf5 13. Bf2 Bb7 14. Qd3 dxe5 15. 0-0-0 Qxd3 16. Rxd3 Rfd8 17. Rhd1 Rxd3 18. Rxd3 exf4 19. Rd7 Ba6 20. Bxc6 Rc8 21. Be4 e6 22. Rxa7 Bf1 23. a4 Bd4 24. Bxd4 Nxd4 25. a5 f3 26. Kd2 Rd8 27. Ke3 Bg2 28. a6 Nxc2+ 29. Kf2 Rd2+ 30. Kg3 Nd4 1/2-1/2

[Event "BRA-ch sf"]
[Site "Brasilia"]
[Date "2011.11.02"]
[Round "8"]
[White "Fontella, Amanda Karsburg"]
[Black "Maio Guedes, Luis Augusto"]
[Result "1-0"]
[WhiteElo "1755"]
[BlackElo "1833"]
[PlyCount "34"]
[EventDate "2011.10.29"]
[EventType "swiss"]
[EventRounds "8"]
[EventCountry "BRA"]
[SourceTitle "EXT 2012"]
[Source "ChessBase"]
[SourceDate "2011.11.24"]
[SourceVersion "1"]
[SourceVersionDate "2011.11.24"]
[SourceQuality "1"]

1. e4 c5 2. Nf3 a6 3. c4 d6 4. d4 cxd4 5. Nxd4 Nf6 6. Nc3 Nc6 7. Be2 Qb6 8. Nb3 g6 9. Be3 Qd8 10. 0-0 Bg7 11. Nd5 Nxe4 12. Bb6 Qd7 13. Nc7+ Kf8 14. Nxa8 Bxb2 15. Qc2 Bxa1 16. Rxa1 Qf5 17. Qb2 Qxf2+ 1-0

[Event "BRA-ch sf"]
[Site "Brasilia"]
[Date "2011.10.30"]
[Round "4"]
[White "Fontella, Amanda Karsburg"]
[Black "Cardoso, Helio"]
[Result "1-0"]
[WhiteElo "1755"]
[BlackElo "1924"]
[PlyCount "59"]
[EventDate "2011.10.29"]
[EventType "swiss"]
[EventRounds "8"]
[EventCountry "BRA"]
[SourceTitle "EXT 2012"]
[Source "ChessBase"]
[SourceDate "2011.11.24"]
[SourceVersion "1"]
[SourceVersionDate "2011.11.24"]
[SourceQuality "1"]

1. e4 d5 2. exd5 Qxd5 3. Nc3 Qd6 4. d4 Nf6 5. Nf3 a6 6. g3 Bg4 7. Bf4 Qd7 8. Qd3 Nc6 9. Ne5 Nxe5 10. Bxe5 Bf5 11. Qf3 c6 12. Na4 Rd8 13. Nb6 Qe6 14. Bc4 Nd5 15. 0-0 Qg6 16. Bxd5 cxd5 17. Bc7 Be4 18. Qf4 Rd7 19. Nxd7 Kxd7 20. c4 f6 21. cxd5 Bxd5 22. Rfe1 e5 23. dxe5 Kxc7 24. exf6+ Bd6 25. Rac1+ Kd7 26. Re7+ Bxe7 27. Qc7+ Ke6 28. Qxe7+ Kf5 29. Rc5 Qf7 30. Qxf7 1-0